Duos fur zwei Violoncelli opus 15 (Record no. 28953)

000 -LEADER
fixed length control field 00651nam a22002177a 4500
003 - CONTROL NUMBER IDENTIFIER
control field OSt
005 - DATE AND TIME OF LATEST TRANSACTION
control field 20260428104955.0
008 - FIXED-LENGTH DATA ELEMENTS--GENERAL INFORMATION
fixed length control field 260428b ||||| |||| 00| 0 eng d
040 ## - CATALOGING SOURCE
Original cataloging agency BSHUA
Language of cataloging Shqip
050 ## - LIBRARY OF CONGRESS CALL NUMBER
Item number 785.72/Dot.
082 ## - DEWEY DECIMAL CLASSIFICATION NUMBER
Item number 785.72/Dot.
100 ## - MAIN ENTRY--PERSONAL NAME
Personal name Dotzauer, Justus Johann Friedrich
245 ## - TITLE STATEMENT
Title Duos fur zwei Violoncelli opus 15
260 ## - PUBLICATION, DISTRIBUTION, ETC. (IMPRINT)
Place of publication, distribution, etc Mainz:
Name of publisher, distributor, etc B. Schott's Sohne,
Date of publication, distribution, etc 1970.
300 ## - PHYSICAL DESCRIPTION
Extent 24 f.;
653 ## - INDEX TERM--UNCONTROLLED
Uncontrolled term Muzika boterore - Muzika gjermane - Muzike dhome - Duo - Duo per dy Violincel - Opus 15 -
-- Partitura
700 ## - ADDED ENTRY--PERSONAL NAME
Relator code herausgegeben von Bernhard Weigart
856 ## - ELECTRONIC LOCATION AND ACCESS
Link text Fulltext
942 ## - ADDED ENTRY ELEMENTS (KOHA)
Source of classification or shelving scheme
Koha item type Music Scores
953 ## - Fulltext
Is Fulltext Available Unavailable
Holdings
Withdrawn status Lost status Source of classification or shelving scheme Damaged status Not for loan Permanent Location Current Location Date acquired Cost, normal purchase price Full call number Barcode Date last seen Price effective from Koha item type
          Biblioteka e Universitetit te Arteve - Fondi i Mbyllur Biblioteka e Universitetit te Arteve - Fondi i Mbyllur 2026-04-28 300.00 785.72/Dot. 68504 2026-04-28 2026-04-28 Music Scores
^
Universiteti i Arteve, Tiranë
Projekt i realizuar më Tetor, 2011.
Powered by: Koha
Developed by: Erjon Sulaj